000 00564nam a2200217Ia 4500
005 20250923145854.0
008 008 250917s9999 xx 000 0 eng d
037 _aTextual
040 _aDSWL
_beng
_cDSWL
041 _aeng
_2eng
084 _azG, N91
_qDSWL
100 _aPyare, Lal
_9839797
245 0 _aIn Gandhiji's mirror
_c by Lal Pyare
260 _aDelhi
_bOxford
_c1991
300 _axii,305p.
365 _aINR
_b295.00
700 _a S. Nayar
_9839798
925 _g295.00
942 _cTEXL
_hzG, N91
999 _c1456754
_d1456754